00280nam a2200097Ia 4500082001200000100002200012245010100034250002800135260000900163300001000172 aTG.0072 aGartrell, John W. 0aDevelopment and social stratificationb : structures of inequality in Indian peasant communities aUniversity of Wisconsin c1973 a443p.